LEADER 01153cam0 22002773 450 001 SOB020628 005 20231024074809.0 010 $a88-13-24397-9 100 $a20040211d2003 |||||ita|0103 ba 101 $aita 102 $aIT 200 1 $a<>nuovo patrocinio a spese dello Stato nei processi civili ed amministrativi$ecommento agli artt. 74-89 e 119-145 T.U. in materia di spese di giustizia, emanato con d. lgs. 30 maggio 2002 n. 115$fGiuliano Scarselli 210 $aPadova$cCEDAM$d2003 215 $aXV, 258 p.$d24 cm 225 2 $aI libri delle nuove leggi civili commentate$v13 410 1$1001LAEC00018759$12001 $a*I libri delle nuove leggi civili commentate$v13 700 1$aScarselli$b, Giuliano$3AF00005220$4070$0230874 801 0$aIT$bUNISOB$c20231024$gRICA 850 $aUNISOB 852 $aUNISOB$j340$m114838 912 $aSOB020628 940 $aM 102 Monografia moderna SBN 941 $aM 957 $a340$b004221$gSI$d114838$rACQUISTO$1rovito$2UNISOB$3UNISOB$420231024074751.0$520231024074809.0$6rovito 996 $aNuovo patrocinio a spese dello Stato nei processi civili ed amministrativi$91424030 997 $aUNISOB